Statystyki dla Jedenastki finału Mistrzostw Europy 2016

Kliknij tutaj aby rozwiązać quiz!

Ogólne statystyki

  • Ten quiz został rozwiązany 591 razy
  • Średni wynik to 13 z 22

Statystyki odpowiedzi

KrajPozycjaOdpowiedź% Poprawnych
NapastnikCristiano Ronaldo
99%
FrancjaBramkarzHugo Lloris
94%
PortugaliaBramkarzRui Patricio
90%
ObrońcaPepe
89%
NapastnikAntoine Griezmann
85%
PomocnikPaul Pogba
85%
NapastnikOlivier Giroud
82%
ObrońcaSamuel Umtiti
65%
NapastnikNani
62%
PomocnikDimitri Payet
55%
PomocnikRenato Sanches
54%
PomocnikBlaise Matuidi
51%
PomocnikAdrien Silva
50%
ObrońcaLaurent Kościelny
48%
PomocnikWilliam Carvalho
47%
ObrońcaPatrice Evra
43%
ObrońcaJose Fonte
42%
ObrońcaCedric
35%
ObrońcaRaphael Guerreiro
30%
ObrońcaBacary Sagna
28%
PomocnikMoussa Sissoko
27%
PomocnikJoao Mario
20%

Rozkład punktacji

Percentyl według liczby udzielonych odpowiedzi

Procent ludzi z każdym wynikiem

Twoja historia wyników

Nie rozwiązałeś tego quizu